000 00437nam a2200169 a 4500
001 61144
005 20180714062647.0
008 140415s2003 mx 000 0 spa d
041 _aspa
082 _a808.831
_bCON
245 0 0 _aCONCURSO LATINOAMERICANO DE CUENTO 1981-1982
250 _a1a ed.
260 _aMEXICO :
_bSCGEP,
_c2003, 1990
300 _a52
490 _aALGO DEL AYER
650 1 4 _aCUENTOS
_xCONCURSO
999 _c61144
_d61144